000 01308cam a2200229 a 4500
020 _a9789251072424
020 _a9251072426
040 _cAU@
082 _a636 FOO 2012 A056 Or.
245 0 0 _aLivestock sector development for poverty reduction :
_ban economic and policy perspective : livestock's many virtues /
246 1 _aPro-poor livestock policy initiative :
_ba living from livestock
246 3 3 _aLiving from livestock
260 _aRome :
_bFood and Agricultural Organization of the United Nations,
_c2012.
300 _axix, 161 p. :
_bcol. ill., col. maps ;
_c26 cm.
520 _a"Livestock sector development for poverty reduction: an economic and policy perspective reviews major aspects of the livestock-poverty interface with the objective of identifying the conditions under which livestock can be an effective tool for poverty reduction; the interventions that allow livestock's poverty reduction potential to be unlocked, and the contexts in which they do so; and ways of facilitating sustainable implementation of these interventions."--Back cover.
650 0 _aLivestock
650 0 _aRural poor
700 1 _aOtte, Joachim,
710 2 _aFood and Agriculture Organization of the United Nations.
856 4 1 _uhttp://www.fao.org/docrep/015/i2744e/i2744e00.pdf
942 _cEK
999 _c15669
_d15669